000 00490nam a2200169 i 4500
001 23570
003 ES-MaACL
005 20230906152910.0
007 t|
008 021211s1910 sp ||||1| spa d
100 1 _aAllue Salvador, Miguel.
_920061
245 1 3 _aLa representación social de los estados en la historia /
_cMiguel Allue Salvador.
260 _aZaragoza :
_b[s.n.],
_c1910.
300 _aVIII, 60 p. ;
_c17 cm.
502 _aTesis doctoral.
852 _aES-MaACL
_jT-1207-F-7
999 _c23570
_d23570